000
00237nam a2200097Ia 4500
001
793617
005
20250826170652.0
008
250824s9999 xx 000 0 und d
245
0
_a
DOSTLUK EKMEĞİ
_c
DARIEN GEE
260
_b
ARKADYA YAYINLARI
999
_c
793617
_d
793617